| 000 | 01808nam a2200373 a 4500 | ||
|---|---|---|---|
| 001 | ebr10678063 | ||
| 003 | CaPaEBR | ||
| 006 | m u | ||
| 007 | cr cn||||||||| | ||
| 008 | 120921s2013 mau sb 001 0 eng d | ||
| 010 | _z 2012038238 | ||
| 020 | _z9780674072848 (alk. paper) | ||
| 020 | _z9780674074910 (e-book) | ||
| 040 |
_aCaPaEBR _cCaPaEBR |
||
| 035 | _a(OCoLC)831664356 | ||
| 043 |
_ae------ _an------ |
||
| 050 | 1 | 4 |
_aK236 _b.J67 2013eb |
| 082 | 0 | 4 |
_a340.9094 _223 |
| 100 | 1 | _aJoppke, Christian. | |
| 245 | 1 | 0 |
_aLegal integration of Islam _h[electronic resource] : _ba transatlantic comparison / _cChristian Joppke, John Torpey. |
| 260 |
_aCambridge, Mass. : _bHarvard University Press, _c2013. |
||
| 300 | _a211 p. | ||
| 504 | _aIncludes bibliographical references and index. | ||
| 505 | 0 | _aNeutrality, liberalism, and islam integration in Europe and America -- Limits of excluding: the French burqa law of 2010 -- Limits of including: Germany's reticence to "cooperate" with organized Islam -- "Reasonable accommodation" and the limits of multiculturalism in Canada -- The dog that didn't bark: Islam and religious pluralism in the United States -- Islam and identity in the liberal state. | |
| 533 |
_aElectronic reproduction. _bPalo Alto, Calif. : _cebrary, _d2013. _nAvailable via World Wide Web. _nAccess may be limited to ebrary affiliated libraries. |
||
| 650 | 0 |
_aLegal polycentricity _zEurope. |
|
| 650 | 0 |
_aLegal polycentricity _zNorth America. |
|
| 650 | 0 |
_aIslamic law _zEurope. |
|
| 650 | 0 |
_aIslamic law _zNorth America. |
|
| 655 | 7 |
_aElectronic books. _2local |
|
| 700 | 1 |
_aTorpey, John, _d1959- |
|
| 710 | 2 | _aebrary, Inc. | |
| 856 | 4 | 0 |
_uhttp://site.ebrary.com/lib/rucke/Doc?id=10678063 _zAn electronic book accessible through the World Wide Web; click to view |
| 999 |
_c59436 _d59436 |
||